00628 2200229 4500001002100000005001500021035002000036007000300056008004100059020002200100082001000122084001600132100001500148245010000163250001000263260003000273300003100303650001800334700002400352990001100376990001100387INLIS00000000000342820190517023530 a0010-0519000020ta190517 a 0 ind  a978-979-055-596-9 a741.5 a741.5 KOK a0 aKOKO, Nata1 aABC Pertamaku :bPintar dan Terampil Menguasai Alfabet /cKoko Nata; editor, Safitri Lusiana D. acet.1 aBandung :bImagioo,c2015 a44 hlm. :bilus. ;c25 cm. 4aGAMBAR. KOMIK0 aSAFITRI, Lusiana D. a6688 a a6688 b